[Event "Norm Congress-IM 2019"]
[Site "Saint Louis"]
[Date "2019.05.21"]
[Round "9.1"]
[White "Rosen, Eric"]
[Black "Kiewra, Keaton"]
[Result "1/2-1/2"]
[WhiteElo "2338"]
[BlackElo "2375"]
[Annotator "TA"]
[PlyCount "108"]
[EventDate "2019.05.16"]
[EventType "tourn"]
[EventCountry "USA"]
[SourceTitle "playchess.com"]
[Source "ChessBase"]
[SourceQuality "1"]

{[%evp 11,108,21,25,0,15,11,11,11,34,14,9,15,8,0,8,13,15,20,30,4,12,0,0,-2,0,0,0,0,0,0,11,0,12,12,10,0,14,23,25,-30,-42,-327,-317,-355,-358,-338,-329,-342,-311,-330,-309,-340,-286,-353,-192,-179,-194,-193,-188,-189,-190,-176,-139,-228,-198,-206,-199,-209,-200,-195,-203,-264,-260,-260,-77,-77,-65,-65,-65,-98,-41,-75,-12,-13,-16,-23,-23,-40,-42,-42,-8,-8,-12,-16,0,-3,0,-110,-105]} 1. e4 c5 2. Nc3 e6 3. g3 Nc6 4. Bg2 Nf6 5. Nge2 Be7 6. O-O O-O 7. h3 {B24: Closed Sicilian: 3 g3 sidelines} d6 8. d4 cxd4 9. Nxd4 {The position is equal.} Qc7 10. Be3 a6 11. Nxc6 bxc6 12. Na4 Rb8 13. c4 c5 14. b3 Bb7 15. Nc3 {[#]} Nd7 $146 ({Predecessor:} 15... Bc6 16. Qd3 Ba8 17. Rad1 Nd7 18. f4 {1-0 (36) Matlakov,M (2700)-Artemiev,V (2709) St Petersburg 2018}) 16. Qc2 Ne5 17. Rad1 Nc6 18. f4 Bf6 19. Ne2 Rfe8 20. g4 g6 21. g5 Bg7 22. h4 a5 23. Qd2 Rbd8 24. h5 a4 25. f5 (25. h6 $142 Bh8 26. Nc3 (26. bxa4 Na5 $11)) 25... exf5 26. Nf4 $2 {[%mdl 8192] [#]} ({White should try} 26. exf5 $15 gxh5 27. Nf4 (27. f6 Bf8 $11)) 26... Nd4 $1 $19 (26... fxe4 27. h6 $11) 27. exf5 Nxf5 28. Bf2 Bxg2 29. Nxg2 axb3 ({Don't play} 29... gxh5 30. Kh1 $19) 30. axb3 Qb7 ({Don't take} 30... gxh5 31. Kh1 $19) 31. Qd3 Re4 32. Bxc5 {[#]} Rg4 $1 {[%mdl 512]} 33. Qf3 Qxf3 $40 {[%mdl 128] Black is out for blood.} 34. Rxf3 Rxg5 {aiming for ...Nh4.} 35. hxg6 hxg6 {...Nh4 is the strong threat.} 36. Bf2 Rb8 37. Rb1 (37. Rh3 $17) 37... Be5 38. Kf1 Rg4 39. Rd1 Nd4 40. Bxd4 Bxd4 ({But not} 40... Rxd4 41. Rxd4 Bxd4 42. Nf4 $15) 41. Nf4 Rg1+ 42. Ke2 Rxd1 $2 (42... Re8+ $19 {and Black stays clearly on top.} 43. Kd2 {[#]} Re3 $1 {[%mdl 512]}) 43. Kxd1 {[%mdl 4096] Endgame KRB-KRN} Kg7 44. Nd5 g5 45. Ne7 {Strongly threatening Nf5+.} Bc5 (45... Bf6 $17 46. Nd5 Be5) 46. Kc2 $15 f6 (46... Rb7 $17 47. Nd5 Kg6 48. Rf6+ Kh5) 47. Nd5 $11 Bd4 48. b4 Be5 49. b5 g4 50. Rf1 $1 Kg6 51. Kd3 Kg5 52. Ke4 Rc8 53. Rf5+ Kh4 54. Kd3 (54. Ne3 $1 $11 {was the only way to keep the balance.}) 54... g3 {Accuracy: White = 43%, Black = 46%.} 1/2-1/2

[Event "Norm Congress-IM 2019"]
[Site "Saint Louis"]
[Date "2019.05.21"]
[Round "9.3"]
[White "Wu, Rochelle"]
[Black "Giannatos, Peter"]
[Result "1/2-1/2"]
[WhiteElo "2174"]
[BlackElo "2290"]
[Annotator "TA"]
[PlyCount "153"]
[EventDate "2019.05.16"]
[EventType "tourn"]
[EventCountry "USA"]
[SourceTitle "playchess.com"]
[Source "ChessBase"]
[SourceQuality "1"]

{[%evp 17,153,18,18,16,24,25,23,10,14,4,4,0,19,-39,28,-131,-131,-138,-130,-171,-162,-151,-122,-115,-85,-107,-96,-98,-84,-103,-103,-97,-67,-60,-73,-86,-93,-89,-68,-64,-55,-65,-24,-25,0,-28,-23,-31,-38,-36,-26,-83,-66,-83,-77,-160,-150,-453,-281,-531,-527,-612,-600,-1122,-1102,-938,-450,-579,-562,-775,-258,-242,-232,-224,-14,-14,-14,-18,-25,-197,-148,-170,-8,-8,-8,-8,-8,-8,-8,-8,-19,-262,-254,-248,-196,-155,-156,-162,-155,-155,-78,-72,0,0,0,0,8,-8,0,0,0,0,8,0,0,-8,0,-8,-8,-8,0,0,8,8,8,8,8,8,8,8,8,8,8,8,8,8,8,8]} 1. d4 d5 2. c4 e6 3. Nc3 Nf6 4. cxd5 exd5 5. Bg5 Be7 6. e3 c6 7. Bd3 Bg4 8. Qc2 Bh5 9. Nge2 Bg6 10. f3 {D35: Queen's Gambit Declined: Exchange Variation} (10. Ng3 Na6 11. a3 Nc7 12. Nf5 Ne6 13. h4 Bxf5 14. Bxf5 Qd6 15. O-O-O g6 16. Bd3 O-O-O 17. Kb1 Kb8 18. Bxf6 Bxf6 {1-0 (36) Vishnu,P (2504)-Nabaty,T (2692) Douglas 2018}) 10... Nbd7 11. O-O O-O 12. Rae1 {White has an edge.} Re8 $146 ({Predecessor:} 12... Bxd3 13. Qxd3 h6 14. Bh4 Nh7 15. Bf2 Ndf6 16. e4 dxe4 17. fxe4 {½-½ (44) Gabrenas,J (2003)-Variakojis,L (2173) Birzai 2011}) 13. Nf4 {[%cal Rf4g6]} Bxd3 14. Nxd3 Rc8 15. e4 (15. Qf2 $11) 15... c5 (15... dxe4 $15 16. fxe4 (16. Nxe4 Nxe4 17. Bxe7 Rxe7 $11) 16... c5 17. dxc5 Nxc5 18. Nxc5 Rxc5) 16. e5 $2 (16. dxc5 $11 Nxc5 17. e5 Nxd3 18. Qxd3) 16... cxd4 $17 17. exf6 Nxf6 ({Don't play} 17... gxf6 18. Bh6 $15) 18. Re5 dxc3 19. Rfe1 Qd7 20. bxc3 Bd8 21. Qb3 h6 22. Be3 b6 23. Rxe8+ Nxe8 24. Nf4 Nf6 25. Rd1 Qc6 26. Bd4 Bc7 27. Nd3 Rd8 28. Nb4 Qd6 29. g3 a5 30. Na6 Nd7 31. Nxc7 Qxc7 32. Qxd5 Nc5 33. Qf5 Ne6 34. Kg2 (34. Qb5 $11) 34... Qc4 35. Rd2 b5 ({Much worse is} 35... Nxd4 36. cxd4 Qc3 37. Qd3 $11) 36. Rb2 (36. h4 $142) 36... Rd5 $36 {[%mdl 2048] Black is on the roll.} 37. Be5 $2 (37. Qe4 $17 {is a better chance.}) 37... Qc5 (37... Rd1 38. Rf2 $19) 38. f4 $2 (38. Re2 {was the only chance.}) 38... Qc6 $19 {( -> ...Rd2+)} ({Not} 38... Rd1 39. Kh3 $17) 39. Kh3 f6 40. c4 bxc4 41. Rb8+ Nf8 (41... Kf7 $142 {...Rd2 is the strong threat.} 42. Rh8 {[#]} Nxf4+ $1 {[%mdl 512]} 43. gxf4 Rd3+ 44. Kh4 Qg2 $1 {[%mdl 576] Double Attack} 45. Rf8+ {[%mdl 64] Decoy} Kxf8 46. Qc8+ Kf7 $1 {[%mdl 512]} 47. Qxc4+ Rd5) 42. Rc8 Qa6 43. Rc7 {If White can now play Qg4 this consolidates a bit.} Qe6 $2 (43... c3 44. Qg4 Qf1+ 45. Kh4 g5+ 46. fxg5 hxg5+ 47. Kh5 Qd3) 44. Qxe6+ Nxe6 {[%mdl 4096] Endgame KRB-KRN} 45. Rc8+ Rd8 $2 ({Black should play} 45... Kf7 $19 46. Ba1 Rd1) 46. Rxd8+ $11 Nxd8 {KB-KN} 47. Bc3 Nc6 48. a3 $2 (48. Kg4 $11 {and White stays safe.}) 48... Kf7 49. Kg4 g6 $2 (49... Ke6 $19 50. Kf3 Kd5) 50. f5 g5 {Strongly threatening ...Ne5+.} 51. Kf3 a4 52. Ke4 Na7 53. Bb2 Nb5 {Threatens to win with ...h5.} 54. Kd5 $2 (54. g4 $11 {and White is okay.}) 54... c3 $19 55. Bc1 c2 56. Kc4 Nd6+ 57. Kc3 Nxf5 58. Kxc2 Ke6 59. Kc3 g4 ({Better is} 59... h5 $17 60. Kc4 h4 61. gxh4 Nxh4) 60. Kb4 $11 {The position is equal.} h5 61. Kxa4 Kd7 62. Bb2 Ne3 63. Bxf6 Nf1 64. Kb5 Kc8 65. a4 Nxh2 66. Be5 {And now Kb6 would win.} Kb7 67. a5 Nf3 68. Bf4 Nd4+ 69. Kc4 Ne2 70. Be5 (70. Bd6 {keeps more tension.} Ka6 71. Kd3 Nxg3 72. Bxg3 Kxa5 73. Ke3) 70... Ka6 71. Kd3 Nxg3 72. Bxg3 Kxa5 {KB-KPP} 73. Ke4 Kb5 74. Kf4 Kc4 75. Kg5 Kd5 76. Kxh5 Ke4 77. Kxg4 {Accuracy: White = 37%, Black = 49%.} 1/2-1/2

[Event "Norm Congress-IM 2019"]
[Site "Saint Louis"]
[Date "2019.05.21"]
[Round "9.4"]
[White "Gauri, Shankar"]
[Black "Grabinsky, Aaron"]
[Result "1-0"]
[WhiteElo "2375"]
[BlackElo "2338"]
[Annotator "TA"]
[PlyCount "52"]
[EventDate "2019.05.16"]
[EventType "tourn"]
[EventCountry "USA"]
[SourceTitle "playchess.com"]
[Source "ChessBase"]
[SourceQuality "1"]

{[%evp 9,52,7,62,58,54,43,53,39,72,44,52,16,83,88,95,44,44,33,54,38,56,56,89,90,159,151,239,120,364,356,391,420,491,392,558,556,476,281,266,277,562,556,29984,29985,2254]} 1. Nf3 d5 2. c4 d4 3. b4 Bg4 4. Qb3 f6 (4... Bxf3 5. Qxf3 c6 6. g3 e5 7. b5 Nf6 8. Bg2 Be7 9. d3 O-O 10. O-O a6 11. Nd2 Qc7 12. bxc6 Nxc6 {1-0 (41) Duda,J (2731)-Laznicka,V (2670) Prague 2019}) 5. e3 dxe3 (5... Bxf3 $11 6. gxf3 Nc6) 6. fxe3 $14 {A09: Réti Opening: 1 Nf3 d5 2 c4} e5 7. Nc3 $146 ({Predecessor:} 7. c5 Nh6 8. Bb2 c6 9. Nc3 Be7 10. Bc4 Na6 11. d4 exd4 12. O-O-O {1-0 (23) Linares Napoles,O (2322)-Ramon Pita,V (2267) Havana 2010}) 7... Nc6 8. a3 {White is slightly better.} (8. b5 $5 {[%cal Rb5c6]} Na5 9. Qa4 $14) 8... Qd7 9. c5 Be6 $1 {[%cal Re6b3]} 10. Qa4 Nh6 (10... Nge7 $11) 11. Be2 $16 g5 12. Ne4 ({White should play} 12. b5 $16 Ne7 13. c6 $1 {[%mdl 512]} bxc6 14. bxc6) 12... Bg7 $14 13. b5 Nd8 14. O-O O-O 15. h3 Nf5 16. Bb2 b6 ({Better is} 16... Bd5) 17. g4 $36 {[%mdl 2048] And now c6 would win. White is on the roll.} Ne7 {[#]} (17... Nh4 $16 {is a better defense.} 18. Rad1 Qe7 19. cxb6 cxb6) 18. c6 ({Only move:} 18. d4 $1 $18) 18... Qc8 $2 (18... Qd5 $16) 19. d4 $18 exd4 20. Nxd4 Bd5 21. Ng3 Ne6 (21... a6 {keeps fighting.} 22. Ndf5 (22. bxa6 Ndxc6 23. e4 Nxd4 $18) 22... Nxf5 23. Nxf5 Qe6) 22. Ndf5 Nxf5 23. Rxf5 (23. Nxf5 $142 Qe8 24. Rad1) 23... Nc5 24. Qd4 Be6 $2 {[#]} (24... Bf7 25. Rxg5 {[%mdl 64] Pin} Bg6) 25. Rxg5 $1 {[%mdl 576] Pin} Nb3 {[#]} (25... fxg5 26. Qxg7#) 26. Rxg7+ $1 {[%mdl 512]} Kxg7 {Accuracy: White = 67%, Black = 24%.} 1-0

[Event "Norm Congress-IM 2019"]
[Site "Saint Louis"]
[Date "2019.05.21"]
[Round "9.5"]
[White "Ezra Paul Chambers"]
[Black "Torres Rosas, Luis Carlos"]
[Result "1/2-1/2"]
[WhiteElo "2241"]
[BlackElo "2320"]
[Annotator "TA"]
[PlyCount "70"]
[EventDate "2019.05.16"]
[EventType "tourn"]
[EventCountry "USA"]
[SourceTitle "playchess.com"]
[Source "ChessBase"]
[SourceQuality "1"]

{[%evp 17,70,27,27,29,24,29,23,27,27,-6,23,31,20,22,25,29,19,25,42,36,42,15,20,0,12,0,0,0,0,0,0,0,0,-8,0,-36,0,0,0,0,0,0,-1,-14,-20,-14,0,0,0,0,0,0,0,0,0]} 1. e4 e6 2. d4 d5 3. Nc3 Bb4 4. e5 c5 5. a3 Ba5 6. b4 cxd4 7. Nb5 Bc7 8. f4 Bd7 9. Nxc7+ Qxc7 10. Nf3 {C18: French: 3 Nc3 Bb4: Main line: 7 h4 and 7 Qg4} Ba4 11. Bd3 Ne7 12. O-O {White has an edge.} Qb6 13. Qe2 a6 14. Qf2 Nbc6 15. Bb2 {[%cal Rf3d4]} Bb5 16. Nxd4 Bxd3 17. cxd3 Rc8 {[#]} 18. Rac1 $146 ({Predecessor:} 18. Rfc1 O-O 19. Nxc6 {½-½ (19) Svidler,P (2733)-Vaganian,R (2639) Moscow 2004}) 18... O-O 19. Rc5 Nb8 20. Rfc1 Nd7 21. Rxc8 Rxc8 22. Rxc8+ Nxc8 23. Nb3 Qb5 24. Qc2 Ne7 25. Bd4 Nc6 26. Be3 Qa4 (26... g5 $5) 27. Nd4 {The position is equal.} Qxa3 {[#] Hoping for ...Qa1+.} 28. Nxc6 bxc6 29. Qxc6 Qxb4 {[%cal Rb4e1]} 30. Kf2 Nf8 31. Qxa6 Qc3 {[#] ...d4 is the strong threat.} 32. Ke2 h5 33. Qa8 Qb2+ 34. Bd2 Qb1 35. g3 Qb6 {Accuracy: White = 67%, Black = 52%.} 1/2-1/2